| 000 | 01047nam a2200313 a 4500 | ||
|---|---|---|---|
| 001 | BRL_1433 | ||
| 005 | 20190320211213.0 | ||
| 008 | 140114s1977----u--oeb####---#000-0#eng-# | ||
| 020 | _a0806111879 | ||
| 041 | _aeng | ||
| 044 | _au | ||
| 050 | 4 |
_aF1435.3.A6 _b.A53 1977 |
|
| 100 | 1 |
_aAndrews, George F. _d1918-2000 _926889 |
|
| 245 | 1 | 0 |
_aMaya cities _bplacemaking and urbanization _cGeorge F. Andrews. |
| 260 |
_aNorman _bUniversity of Oklahoma _c1977 |
||
| 300 |
_axviii, 468 p. _bil., mapas, planos _c26 cm. |
||
| 440 | 0 |
_aThe civilization of the American Indian series _v131 _926890 |
|
| 500 | _aAu1687 | ||
| 500 | _aIncluye índice | ||
| 500 | _aIncluye dedicatoria a Ruth Lechuga | ||
| 504 | _aBibliography: p. 457-462. | ||
| 650 | 1 | 4 |
_aArquitectura maya _9623 |
| 650 | 1 | 4 |
_aCiudades y pueblos desaparecidos _zMéxico _926891 |
| 650 | 1 | 4 |
_aCiudades y pueblos desaparecidos _zAmérica Central _926892 |
| 651 | 4 |
_aMéxico _xAntigüedades _92765 |
|
| 651 | 4 |
_aAmérica Central _xAntigüedades _923855 |
|
| 902 | _aGRL | ||
| 942 |
_2lcc _cB |
||
| 999 |
_c10243 _d10243 |
||